Libellules de France métropolitaine - Statistiques

Statistiques générales
  • Ce quiz a été pris 45 fois
  • Le résultat moyen est 31 sur 98
Statistiques - réponses
Sous-ordre Famille Espèce % Correct
Sympétrum rouge sang
71%
Aeschne bleue
65%
Anax empereur
65%
Zygoptères Calopterygidés Caloptéryx éclatant
65%
Caloptéryx vierge
65%
Platycnemididés Agrion à larges pattes
59%
Agrion jouvencelle
59%
Agrion mignon
53%
Anax napolitain
53%
Libellule à quatre taches
53%
Libellule déprimée
53%
Aeschne mixte
47%
Cordulie bronzée
47%
Leste brun
47%
Libellule fauve
47%
Anisoptères Aeshnidés Aeschne affine
41%
Agrion de Mercure
41%
Agrion porte-coupe
41%
Caloptéryx hémorroïdal
41%
Cordulegastridés Cordulégastre annelé
41%
Crocothémis écarlate
41%
Gomphe à forceps
41%
Gomphe vulgaire
41%
Orthétrum bleuissant
41%
Orthétrum brun
41%
Orthétrum réticulé
41%
Sympétrum strié
41%
Aeschne paisible
35%
Aeschne printanière
35%
Agrion élégant
35%
Anax porte-selle
35%
Caloptéryx occitan
35%
Cordulégastre bidenté
35%
Cordulie métallique
35%
Gomphidés Gomphe à crochets
35%
Leste sauvage
35%
Leste verdoyant
35%
Leucorrhine à gros thorax
35%
Naïade aux yeux rouges
35%
Naïade de Vander Linden
35%
Orthétrum à stylets blancs
35%
Petite nymphe au corps de feu
35%
Sympétrum de Fonscolombe
35%
Sympétrum méridional
35%
Sympétrum vulgaire
35%
Aeschne azurée
29%
Aeschne des joncs
29%
Agrion blanchâtre
29%
Agrion hasté
29%
Agrion joli
29%
Agrion orangé
29%
Cordulie à taches jaunes
29%
Gomphe à pattes jaunes
29%
Gomphe joli
29%
Gomphe semblable
29%
Gomphe serpentin
29%
Grande aeschne
29%
Leucorrhine à front blanc
29%
Leucorrhine à large queue
29%
Naïade au corps vert
29%
Sympétrum noir
29%
Trithémis pourpré
29%
Aeschne isocèle
24%
Aeschne subarctique
24%
Anax précoce
24%
Corduliidés Cordulie alpestre
24%
Cordulie arctique
24%
Leste dryade
24%
Leste fiancé
24%
Leste vert occidental
24%
Leucorrhine douteuse
24%
Sympétrum jaune d'or
24%
Coenagrionidés Agrion à lunules
18%
Agrion délicat
18%
Agrion nain
18%
Agrion orné
18%
Synthemistidés Cordulie à corps fin
18%
Cordulie à deux taches
18%
Macromiidés Cordulie splendide
18%
Déesse précieuse
18%
Gomphe de Graslin
18%
Leucorrhine rubiconde
18%
Sympétrum déprimé
18%
Sympétrum du Piémont
18%
Agrion bleuissant
12%
Cordulie méridionale
12%
Lestidés Leste à grands stigmas
12%
Leste enfant
12%
Leste vert oriental
12%
Libellule globe-trotter
12%
Lindénie à quatre feuilles
12%
Sélysiothémis noir
12%
Trithémis ambré
12%
Agrion de Gené
6%
Agrion de Graells
6%
Libellulidés Brachythémis à bandes brunes
6%
Gomphe de Gené
6%
Orthétrum de Sicile
6%
Aucun quiz correspondant
Distribution des résultats
% des personnes avec chaque résultat
Percentile par nombre de réponses
Votre historique - résultats
Vous n’avez pas pris ce quiz